000 00663cam a2200229 a 4500
001 000009889
005 20200929161741.0
008 900725s1982 sp 000 0 spa
020 _a8400051629
040 _aDO-SdBNP
_bspa
_cLC
_dBNPHU
082 _a861.44
_bS159L
100 1 _aSala, Sofia.
_924821
245 1 0 _aLampara de barro /
_cSofia Sala.
260 _aZaragoza :
_bInstitucion "Fernando el Católico",
_c1982.
300 _a120 p. ;
_c25 cm.
490 1 _a"San Jorge"
_v30
650 4 _aPoesía española
_9631
650 4 _aLiteratura española
_9632
830 0 _a"San Jorge",
_v30
_914363
910 _aCatalogación por copia / LC
049 _aBNGR
999 _c9648
_d9648